Responses for Show #3279 - Thursday, December 3, 1998

Andrew Maly game 4.

Contestants

[<< previous game]

Jayne Stallons, a school-to-work coordinator from Waldport, Oregon

Marc Danziger, a self-employed businessman from Redondo Beach, California

Andrew Maly, an environmental engineer from Bel Air, Maryland (whose 3-day cash winnings total $21,700)

[next game >>]

Jeopardy! Round responses

THE OCEAN BLUE
WORLD CUP '98
(Alex: Let's see if you remember that event!)
FAIRIES & WEE FOLK
300 YEARS AGO
BODY LANGUAGE
FABULOUS BAKER BOYS
    $100 6
Food chain

Andrew
    $100 16
Goals

Jayne
    $100 17
Clover/shamrock

Andrew
    $100 1
Edmond Halley

Marc
    $100 11
Shoulder

Andrew
    $100 26
Joe Don Baker

Marc
    $200 7
Continental Shelf

Andrew
    $200 19
Iran

Andrew
    $200 18
(Marc: What is Wales?)
...
(Alex: Now you realize, Cornish people come from [*]!)

Cornwall

Marc
Triple Stumper
    $200 2
Spain

Marc
    $200 12
Bones

Andrew
    $200 27
Russell Baker

Marc
    $500 8
["Tsuris" refers to tourists.]
(Alex: Mixing our metaphors and our languages!)

tsunami

Andrew
    $300 20
Penalty kicks/shootout

Andrew
    $300 23
Shetland Islands

Andrew
    $300 3
Sir Christopher Wren

Marc
    $300 13
Your nose

Andrew
    $300 28
Home run

Andrew
    $400 9
Photosynthesis

Marc
    $400 21
Yves Saint Laurent

Marc
    $400 24
(Andrew: What is A Midsummer's Night's Dream?)
(Jayne: What is A Midsummer's Night's Dream?)
...
(Alex: No "S" at the end of "Midsummer".)

A Midsummer Night's Dream

AndrewJayne
Triple Stumper
    $400 4
Peter the Great

Marc
    $400 14
The teeth

Andrew
    $400 29
Chet Baker

Marc
    $500 10
Sodium & chlorine

Marc
    $500 22
Croatia

Andrew
    $500 25
Hobgoblins

Marc
    $500 5
(Alex: Well done in the category - you got all the points!)

Steam engine

Marc
    $500 15
Lip service

Andrew
    $500 30
Ginger Baker

Andrew

Scores at the first commercial break (after clue 13):

Andrew Marc Jayne
$1,400 $2,400 $0

Scores at the end of the Jeopardy! Round:

Andrew Marc Jayne
$4,100 $3,800 -$300

Double Jeopardy! Round responses

CANTERBURY TALE TELLERS
MAY-DECEMBER MOVIES
MEDICINE
TRAVEL EUROPE
"N" THE DICTIONARY
FABULOUS BAKER GIRLS
    $200 18
Love

Jayne
    $200 11
Last Tango In Paris

Andrew
    $200 1
Rx

Jayne
    $200 16
(Andrew: What is Zurich?)

Geneva

Andrew
Triple Stumper
    $200 6
Nanny

Marc
    $200 26
Gingerbread

Triple Stumper
    $400 19
Jerusalem

Marc
    $400 12
Harold And Maude

Marc
    $400 2
Penicillin

Andrew
    $400 17
(Andrew: What is Amsterdam?)

Berlin

Andrew
Triple Stumper
    $400 7
Nightcap

Andrew
    $400 27
Pillsbury Bake-Off

Marc
    $600 20
Knight

Andrew
    $600 13
Susan Sarandon

Marc
    $1,000 3
Anorexia Nervosa

Andrew
    $600 21
Parthenon

Marc
    $600 8
Neighborhood

Marc
    $1,000 28
(Marc: What is Pepperidge Farms?)
[The end-of-round signal sounds. Marc's response is initially accepted, but...]
(Alex: No, we can't accept that. You did something which we penalized your opponents for a little while ago. You added an "S", it's [*], not Pepperidge Farms.)

Pepperidge Farm

Marc
    $800 24
(Alex: We have a minute to go, Jayne.)

a rooster

Triple Stumper
    $800 14
James Garner

Jayne
    $800 4
(Jayne: Who was Gray?)

Andreas Vesalius

Jayne
Triple Stumper
    $800 22
Andalusia

Triple Stumper
    $800 9
Neat

Jayne
    $1000 25
The Summoner

Triple Stumper
    $1000 15
(Jayne: Who was Cyd Charisse?)

Leslie Caron

Jayne
Triple Stumper
    $1000 5
(Marc: Who was Hippocrates?)

Galen

Marc
Triple Stumper
    $1000 23
Gelato

Jayne
    $1000 10
Nimrod

Marc

Scores at the end of the Double Jeopardy! Round:

Andrew Marc Jayne
$6,100 $6,000 $900

[wagering suggestions for these scores]

Final Jeopardy! Round responses

HOLIDAYS
[A big sigh of relief from Andrew]
JayneWhat is the anniversary of their state
$899
MarcWhat is Statehood Day
$4,000
AndrewWhat is Arbor Day?
$6,000
Arbor Day

Final scores:

Andrew Marc Jayne
$12,100 $2,000 $1
4-day champion: $33,800 2nd place: Trip to Atlantis Resort & Casino, Paradise Island, Bahamas 3rd place: Panasonic DVD Player

Game dynamics:

Coryat scores:

Andrew Marc Jayne
$5,500 $7,000 $900
20 R
(including 2 DDs),
3 W
20 R,
3 W
(including 1 DD)
6 R,
3 W

Combined Coryat: $13,400

[game clues] [game scores] [suggest correction]

Game tape date: 1998-10-07
The J! Archive is created by fans, for fans. Scraping, republication, monetization, and malicious use prohibited; this site may use cookies and collect identifying information. See terms. The Jeopardy! game show and all elements thereof, including but not limited to copyright and trademark thereto, are the property of Jeopardy Productions, Inc. and are protected under law. This website is not affiliated with, sponsored by, or operated by Jeopardy Productions, Inc. Join the discussion at JBoard.tv.